La historia de la iglesia. (Record no. 26598)

MARC details
000 -LEADER
campo de control de longitud fija 00542ntaaa2200193 4500
003 - IDENTIFICADOR DE NÚMERO DE CONTROL
campo de control 01
005 - FECHA Y HORA DE LA ÚLTIMA TRANSACCIÓN
campo de control 20251027203120.0
008 - DATOS DE LONGITUD FIJA--INFORMACIÓN GENERAL
campo de control de longitud fija 0714s1973 ag 01
040 ## - FUENTE DE CATALOGACIÓN
Centro catalogador/agencia de origen AR-BaBN
Lengua de catalogación spa
Centro/agencia transcriptor AR-BaBN
Normas de descripción aacr
Centro/agencia modificador RIC
082 ## - NÚMERO DE LA CLASIFICACIÓN DECIMAL DEWEY
Número de clasificación 070.4000 As4
100 ## - ENTRADA PRINCIPAL--NOMBRE DE PERSONA
Nombre de persona ASIT
9 (RLIN) 32710
245 ## - MENCIÓN DEL TÍTULO
Título La historia de la iglesia.
250 ## - MENCION DE EDICION
Mención de edición 1 ed.
260 ## - PUBLICACIÓN, DISTRIBUCIÓN, ETC.
Lugar de publicación, distribución, etc. Montevideo :
Nombre del editor, distribuidor, etc. Asociación Sudamericana de Instituciones Teológicas,
Fecha de publicación, distribución, etc. n.f.
300 ## - DESCRIPCIÓN FÍSICA
Extensión s.p.
500 ## - NOTA GENERAL
Nota general Como preparar y escribir la historia de la iglesia.
650 ## - PUNTO DE ACCESO ADICIONAL DE MATERIA--TÉRMINO DE MATERIA
Término de materia o nombre geográfico como elemento de entrada Periodismo Cristiano
942 ## - ELEMENTOS DE ENTRADA SECUNDARIOS (KOHA)
Tipo de ítem Koha Colección General
Holdings
Estatus retirado Estado de pérdida Estado de daño No para préstamo Biblioteca de origen Biblioteca actual Fecha de adquisición Número de inventario Total de préstamos Signatura topográfica completa Código de barras Visto por última vez Precio de reemplazo Tipo de ítem Koha
        Biblioteca Pluis Biblioteca Pluis 27/10/2025 28009   070.4000 As4 28009 27/10/2025 27/10/2025  
        Biblioteca Pluis Biblioteca Pluis 27/10/2025 28010     28010 27/10/2025 27/10/2025 Colección General